Statistics for Taylor Swift Top 75 UK Hits

Click here to take the quiz!

General Stats

  • This quiz has been taken 171 times
  • The average score is 23 of 56

Answer Stats

Chart PositionYearFeaturingAnswer% Correct
#32019Brandon UrieME
90%
#42015Kendrick LamarBad Blood
88%
#22014Shake It Off
87%
#12017Look What You Made Me Do
83%
#22009Love Story
82%
#82020Bon IverExile
81%
#22012I Knew You Were Trouble
79%
#142019Lover
79%
#62020Cardigan
78%
#52016ZaynI Don't Wanna Live Forever
78%
#42012We Are Never Ever Getting Back Together
78%
#492017Ed Sheeran, FutureEnd Game
77%
#42014Blank Space
75%
#302009You Belong With Me
73%
#32020Willow
72%
#9201322
71%
#72012Ed SheeranEverything Has Changed
71%
#192020HaimNo Body No Crime
67%
#262012Red
67%
#52019You Need to Calm Down
59%
#72017Ready For It
57%
#272019Cruel Summer
56%
#212015Style
56%
#252013Gary LightbodyThe Last Time
49%
#402015Wildest Dreams
49%
#302010Mine
48%
#452018Delicate
47%
#152020Champagne Problems
42%
#732021Big Red MachineRenegade
42%
#102020The 1
40%
#212019The Man
40%
#222012BOBBoth Of Us
33%
#672012Civil WarsSafe and Sound
32%
#152017Gorgeous
23%
#432019The Archer
19%
#392014Welcome to New York
19%
#602009White Horse
18%
#302012Begin Again
15%
#362012State of Grace
14%
#632022Carolina
13%
#512009Teardrops on My Guitar
12%
#702012Eyes Open
7%
#292017Call It What You Want
6%
#442019Christmas Tree Farm
6%
#452013Sweeter Than Fiction
6%
#572010Today Was a Fairytale
6%
#32021All Too Well (Taylor's Version)
5%
#572020Only The Young
4%
#122021Love Story (Taylor's Version)
2%
#522021You Belong With Me (Taylor's Version)
2%
#302021Mr Perfectly Fine (Taylor's Version)
1%
#222021Red (Taylor's Version)
1%
#182021State of Grace (Taylor's Version)
1%
#422022This Love (Taylor's Version)
1%
#252021Wildest Dreams (Taylor's Version)
1%
#522021You All Over Me (Taylor's Version)
1%

Score Distribution

Percentile by Number Answered

Percent of People with Each Score

Your Score History

You have not taken this quiz